000 00778nam a2200217 a 4500
001 41428
003 BD-RjUL
005 20211209053403.0
008 160530s1969 bg ||||| |||| 00| 0 ben d
035 _a(BD-RjUL)41546
040 _aBD-RjUL
_bben
_cBD-RjUL
041 _aben
082 _223
_a100
_bALS 1969
100 _aআলী, মুহাম্মদ হজরত
_9127353
245 1 0 _aসাধারণ দর্শন শাস্ত্র /
_cমুহাম্মদ হজরত আলী
260 _aময়মনসিং :
_bমিসেস জোহরা খাতুন,
_c১৯৬৯
300 _avii, ২৫৬ পৃ. ;
_c২১ সেমি.
650 _aদর্শন
_9127354
650 _aPhilosophy
_9127355
942 _2ddc
_cBK
999 _c41428
_d41428